书目信息 |
| 题名: |
Vivado从此开始
|
|
| 作者: | 高亚军 编著 | |
| 分册: | 进阶篇 | |
| 出版信息: | 北京 电子工业出版社 2020.01 |
|
| 页数: | 212页 | |
| 开本: | 26cm | |
| 丛书名: | EDA精品智汇馆 | |
| 单 册: | ||
| 中图分类: | TP331.202.1 | |
| 科图分类: | ||
| 主题词: | 现场可编程门阵列--xian chang ke bian cheng men zhen lie--系统设计 | |
| 电子资源: | ||
| ISBN: | 978-7-121-37352-7 | |
| 000 | 01113nam 2200289 450 | |
| 001 | 202020139128 | |
| 005 | 20200926181339.0 | |
| 010 | @a978-7-121-37352-7@dCNY56.00 | |
| 100 | @a20200916d2020 em y0chiy50 ea | |
| 101 | 0 | @achi |
| 102 | @aCN@b110000 | |
| 105 | @aa z 000yy | |
| 106 | @ar | |
| 200 | 1 | @aVivado从此开始@AVivadocong ci kai shi@i进阶篇@f高亚军编著 |
| 210 | @a北京@c电子工业出版社@d2020.01 | |
| 215 | @a212页@c图@d26cm | |
| 225 | 2 | @aEDA精品智汇馆@AEDA jing pin zhi hui guan |
| 312 | @a英文题名取自封面 | |
| 330 | @a针对被越来越广泛使用的SSI器件, 本书介绍了相应的设计指南, 例如, 如何在早期进行设计规划、如何使用LAGUNA寄存器、如何对基于SSI器件的设计进行分析等。除此之外, 作者也根据实践经验总结了一些常用的技巧, 尽可能地帮助读者提高工作效率。 | |
| 410 | 0 | @12001 @aEDA精品智汇馆 |
| 510 | 1 | @aTo learn Vivado from here@zeng |
| 517 | 1 | @a进阶篇@Ajin jie pian |
| 606 | 0 | @a现场可编程门阵列@Axian chang ke bian cheng men zhen lie@x系统设计 |
| 690 | @aTP331.202.1@v5 | |
| 701 | 0 | @a高亚军@Agao ya jun@4编著 |
| 801 | 0 | @aCN@c20191226 |
| 905 | @a河南城建学院图书馆@dTP331.202.1@eG202 | |
| Vivado从此开始.进阶篇/高亚军编著.-北京:电子工业出版社,2020.01 |
| 212页:图;26cm.-(EDA精品智汇馆) |
| ISBN 978-7-121-37352-7:CNY56.00 |
| 针对被越来越广泛使用的SSI器件, 本书介绍了相应的设计指南, 例如, 如何在早期进行设计规划、如何使用LAGUNA寄存器、如何对基于SSI器件的设计进行分析等。除此之外, 作者也根据实践经验总结了一些常用的技巧, 尽可能地帮助读者提高工作效率。 |
| ● |
| 相关链接 |
|
|
|
正题名:Vivado从此开始
索取号:TP331.202.1/G202
 
预约/预借
| 序号 | 登录号 | 条形码 | 馆藏地/架位号 | 状态 | 备注 |
| 1 | 1488539 | 214885392 | 自科库301/301自科库 60排6列1层/ [索取号:TP331.202.1/G202] | 在馆 | |
| 2 | 1488540 | 214885409 | 自科库301/301自科库 60排6列1层/ [索取号:TP331.202.1/G202] | 在馆 |